01633nab a2200229uuc4500001000800000005001700008008004100025035001200066040001300078041000800091100004800099245009900147520080300246650001601049650002801065650002001093650001601113700004801129700004701177700004001224773013901264153825520240217091203.0191115e20190401 spa  a1538255 ccomduadb aspa10aBalcázar Valencia, Carlos Mario4auteaut10aPerforación del yeyuno por enfermedad diverticular: una condición a considerar en ancianos3 aLa enfermedad diverticular constituye la principal afección intestinal después de los 40 años; tiene gran relevancia por sus amplias manifestaciones, que llevan a consultas frecuentes en todos los servicios de urgencias y corresponden al hallazgo más usual en los procedimientos endoscópicos electivos. Por su parte, la diverticulosis del intestino delgado tiene una prevalencia que oscila entre 2 % y 5 %. Las presentaciones clínicas como sangrado, obstrucción, dolor abdominal, perforación, formación de abscesos y fístulas suelen ser más floridas cuando afectan el colon. Se presenta el caso de un paciente anciano quien consultó a urgencias con abdomen agudo secundario a peritonitis generalizada por perforación intestinal debida a enfermedad diverticular del yeyuno. aDiverticulo aEnfermedades del yeyuno 7aAncianos2embne aGeriatría10aAyola Ramírez, Beatriz Carolina4auteaut10aOcampo Chaparro, José Mauricio4auteaut10aBejarano Castro, Mónica4auteaut0 tRevista Colombiana de Gastroenterología (Bogotá)gVolumen 34, Número 02, Abril-Junio de 2019, 202-206w432618x0120-99570120143